ბათუმის შოთა რუსთაველის სახელმწიფო უნივერსიტეტის ბიბლიოთეკა

სამართალდამცავი ორგანოები და ადამიანის უფლებები = Law Protecting Bodies and Human Rights : (ბიბ.ჩანაწერი № 59393)

000 -ლიდერი
ფიქსირებული სიგრძის საკონტროლო ველი 01218nam a22002177a 4500
003 - საკონტროლო ნომრის იდენტიფიკატორი
საკონტროლო ველი Ge_BSU
005 - ბოლო ოპერაციის თარიღი და დრო
საკონტროლო ველი 20230208152459.0
008 - ფიქსირებული სიგრძის მონაცემთა ელემენტები - ზოგადი ინფორმაცია
ფიქსირებული სიგრძის საკონტროლო ველი 230208s2002 ge ||||| |||| 00| 0 geo d
041 ## - ენის კოდი
Language code of text/sound track or separate title geo
080 ## - უნივერსალური ათობითი კლასიფიკაციის ინდექსი
Universal Decimal Classification number 34 მ-69
100 ## - მთავარი ჩანაწერი - პიროვნების სახელი
Personal name მინდაძე, ომარ
9 (RLIN) 16869
245 ## - ცნობა სათაურის შესახებ
Title სამართალდამცავი ორგანოები და ადამიანის უფლებები = Law Protecting Bodies and Human Rights :
Remainder of title [სახელმძღვანელო] /
Statement of responsibility, etc ომარ მინდაძე ; [რედ. : აპოლონ ფალიაშვილი, გურამ ქარქაშაძე].
264 ## - წარმოების, გამოცემის, დისტრიბუციის და სხვა ცნობები
გამოცემის, წარმოების, დისტრიბუციის... ადგილი ქუთაისი :
გამოცემის, წარმოების, დისტრიბუციის... სახელწოდება საგამომცემლო ცენტრი,
გამოცემის, წარმოების, დისტრიბუციის... თარიღი 2002.
300 ## - ფიზიკური აღწერა
Extent 639 გვ. :
Other physical details 1 ფ. პორტრ.
Dimensions 21 სმ.
520 ## - SUMMARY, ETC.
Summary, etc რეზიუმე ინგლ.
653 ## - INDEX TERM--UNCONTROLLED
Uncontrolled term ადამიანის უფლებები
653 ## - INDEX TERM--UNCONTROLLED
Uncontrolled term სამართალი
700 ## - ADDED ENTRY--PERSONAL NAME
Personal name ფალიაშვილი, აპოლონ
Relator term რედაქტორი
9 (RLIN) 16870
700 ## - ADDED ENTRY--PERSONAL NAME
Personal name ქარქაშაძე, გურამ
Relator term რედაქტორი
9 (RLIN) 467
942 ## - ADDED ENTRY ELEMENTS (KOHA)
Source of classification or shelving scheme
Koha item type წიგნი
ეგზემპლარები
ჩამოწერის სტატუსი დაკარგული ეგზემპლარის სტატუსი კლასიფიკაციის წყარო ან თაროზე გაწყობის სქემა დაზიანების სტატუსი არ გაიცემა მუდმივი მდებარეობა (დაცვის ადგილი) ამჟამინდელი ადგილსამყოფელი თაროზე განთავსების ადგილი შეძენის თარიღი ღირებულება, შესყიდვის ნორმალური ფასი სრული შენახვის შიფრი შტრიხკოდი ბოლო ოპერაციის თარიღი ეგზემპლარის მიმდევრობითი ნომერი (კეტერი?) ფასის ძალაში შესვლის თარიღი ეგზემპლარის სახეობა საჯარო შენიშვნა
          ბათუმის შოთა რუსთაველის სახელმწიფო უნივერსიტეტის მთავარი ბიბლიოთეკა ბათუმის შოთა რუსთაველის სახელმწიფო უნივერსიტეტის მთავარი ბიბლიოთეკა წიგნსაცავი 2023-02-08 8.00 34 მ-69 63681 2023-02-08 63681 2023-02-08 წიგნი 8 ლ.
          ბათუმის შოთა რუსთაველის სახელმწიფო უნივერსიტეტის მთავარი ბიბლიოთეკა ბათუმის შოთა რუსთაველის სახელმწიფო უნივერსიტეტის მთავარი ბიბლიოთეკა წიგნსაცავი 2023-02-08 8.00 34 მ-69 63682 2023-02-08 63682 2023-02-08 წიგნი 8 ლ.